|
|
|
|
| LEADER |
01124pam a22002538a 4500 |
| 001 |
00043795 |
| 005 |
20190314140310.0 |
| 008 |
110627s2007 ||||||Viesd |
| 020 |
# |
# |
|c 27000
|
| 041 |
0 |
# |
|a Vie
|
| 082 |
1 |
4 |
|a 540.7
|b T103L
|
| 110 |
1 |
# |
|a Bộ Giáo dục và Đào Tạo
|
| 245 |
0 |
0 |
|b Môn: hóa học (lưu hành nội bộ)
|a Tài liệu tập huấn kiểm tra, đánh giá trong quá trình dạy học theo định hướng phát triển năng lực học sinh trong trường Trung học Phổ Thông
|
| 260 |
# |
# |
|a Hà Nội
|b Hà Nội
|c 2014
|
| 300 |
# |
# |
|c 27 cm.
|a 221 tr.
|
| 500 |
# |
# |
|a ĐTTS ghi: Bộ Giáo dục và Đào Tạo. Vụ giáo dục trung học. Chương trình phát triển giáo dục trung học
|
| 653 |
# |
# |
|a Giáo dục
|
| 653 |
# |
# |
|a Học sinh
|
| 653 |
# |
# |
|a THPT
|
| 653 |
# |
# |
|a Tài liệu tập huấn
|
| 653 |
# |
# |
|a hóa học
|
| 852 |
# |
# |
|j KM.0027862
|j KM.0027863
|j KD.0025497
|j KM.0027864
|j KM.0027865
|
| 910 |
0 |
# |
|d 14/3/2019
|
| 980 |
# |
# |
|a Trung tâm Học liệu Lê Vũ Hùng, Trường Đại học Đồng Tháp
|